000 00357nam a22001457a 4500
008 230626b ||||| |||| 00| 0 eng d
020 _a9781857756586
041 _aeng
080 _2SECOND EDITION
_a61
082 _a61KUR
100 _a4
101 _aMJP
245 _aTEACHING AND LEARNING COMMUNICATION SKILLS IN MEDICINE
_cKURTZ S
942 _2udc
_cBK
999 _c60047
_d60047